| 000 | 00489nam a2200181Ia 4500 | ||
|---|---|---|---|
| 008 | 240925s9999 xx 000 0 und d | ||
| 020 | _a471606391 | ||
| 082 | _a621.3824 BAL | ||
| 100 | _aBalanis, Constantine A. | ||
| 245 | 0 | _aAntenna Theory Analysis and Design | |
| 250 | _aNA | ||
| 260 |
_aNew York: _bJohn Wiley & Sons _c,1982. |
||
| 300 |
_axviii,874p. _bNA _fOriginal |
||
| 500 | _aIncludes Index | ||
| 600 | _aTelecommunication Engineering | ||
| 650 | _aTechnology | ||
| 942 | _cBK | ||
| 999 |
_c3008 _d3008 |
||